000 00521nam a2200181Ia 4500
003 GCL
008 140319s9999 xx 000 0 eng d
040 _aGCL /
_cGCL
082 0 4 _a953.03
_bI A
100 1 _aINOLICK, HALIL
245 1 0 _aAN ECONOMIC AND SOCIAL HISTORY OF THE OTTOMAN EMPIIRE VOLUME 2: 1600 - 1914 /
_cINOLICK, HALIL
700 1 _aQUATAERT, DONALD
260 _a[S.N] :
_bCAMBRIDGE UNIVERSITY PRESS ،
_c1997
300 _a1010 P
650 0 4 _aHISTORY
650 0 4 _aOTTMANE HISTORY
942 _2ddc
_cBK
999 _c16063
_d16063